BIBLIOTECA PODER JUDICIAL
Portal Judicial TDF

El estado de partidos / (Registro nro. 399)

000 -LEADER
fixed length control field 00550nam a22001937a 4500
003 - CONTROL NUMBER IDENTIFIER
control field OSt
005 - DATE AND TIME OF LATEST TRANSACTION
control field 20180503103308.0
008 - FIXED-LENGTH DATA ELEMENTS--GENERAL INFORMATION
fixed length control field 180309b xxu||||| |||| 00| 0 spa d
020 ## - INTERNATIONAL STANDARD BOOK NUMBER
International Standard Book Number 8420695351
040 ## - CATALOGING SOURCE
Transcribing agency PJ
100 ## - ASIENTO PRINCIPAL - NOMBRE DE PERSONA
Personal name García-Pelayo, Manuel
9 (RLIN) 387
245 13 - MENCIÓN DE TÍTULO
Título propiamente dicho El estado de partidos /
Mención de responsabilidad, etc Manuel García Pelayo.
260 ## - PUBLICATION, DISTRIBUTION, ETC. (IMPRINT)
Place of publication, distribution, etc Madrid :
Name of publisher, distributor, etc Alianza,
Date of publication, distribution, etc 1986.
300 ## - DESCRIPCION FISICA
Extent 217 p.
Other physical details 20 cm.
500 ## - NOTA GENERAL
General note Citas y notas bibliográficas al pie de páginas.<br/>
650 #0 - ASIENTO SECUNDARIO DE MATERIA - TERMINO TEMATICO
9 (RLIN) 348
Topical term or geographic name as entry element CIENCIAS POLITICAS
650 #0 - ASIENTO SECUNDARIO DE MATERIA - TERMINO TEMATICO
9 (RLIN) 452
Topical term or geographic name as entry element PARTIDOS POLITICOS
942 ## - ADDED ENTRY ELEMENTS (KOHA)
Source of classification or shelving scheme
Koha item type Libros
Existencias
Withdrawn status Lost status Source of classification or shelving scheme Damaged status Not for loan Permanent Location Current Location Date acquired Full call number Barcode Date last seen Price effective from Koha item type
          Biblioteca Poder Judicial Sur Biblioteca Poder Judicial Sur 2018-05-03 329 GAR 1714 2018-05-03 2018-05-03 Libros

12 de Octubre 789 Ushuaia - Tel:  54(02901)441571
Horario de Atención: 8.00 a 17.00 hs. 
bibliotecaush@justierradelfuego.gov.ar
koha@justierradelfuego.gov.ar
Seguinos en nuestras redes @bibliojustdf 

Con tecnología Koha